000 00586nam a2200217Ia 4500
003 0100
008 130227s9999 xx 000 0 und d
040 _cARRUPELIB
050 _aR141.S546 1990
100 _aSiraisi, Nancy G.
245 _aMedievak and early renaissance medicine
245 _ban introduction to knewledge and practice
260 _aChicago
260 _bThe University of Chicago Press
260 _C1990
300 _axiv
300 _b 250p. 24cm.
650 _bSwahili-speaking people- History
650 _cSwahili language- History
942 _2lcc
_03
999 _c7032
_d7032